A seringueira : (Record no. 12254)

000 -LEADER
fixed length control field 00267cas a22001097 4500
040 ## - CATALOGING SOURCE
Transcribing agency CtY
082 ## - DEWEY DECIMAL CLASSIFICATION NUMBER
Classification number 633 S.N 1992 A040 Or.
245 00 - TITLE STATEMENT
Title A seringueira :
Remainder of title boletim do syndicato agricola club da seringueira.
260 ## - PUBLICATION, DISTRIBUTION, ETC. (IMPRINT)
Place of publication [S.l. :
Name of publisher s.n.]
300 ## - PHYSICAL DESCRIPTION
Number of Pages v.
942 ## - ADDED ENTRY ELEMENTS (KOHA)
Koha item type សៀវភៅភាសាអង់គ្លេស
952 ## - LOCATION AND ITEM INFORMATION (KOHA)
Withdrawn status [LOCAL, KOHA] 0
Holdings
Permanent Location Date acquired Koha item type Lost status Shelving location Barcode Current Location Full call number
Library Block A2017-08-11សៀវភៅភាសាអង់គ្លេស A040A09017Library Block A633 S.N 1992 A040 Or.
មជ្ឈមណ្ឌលឯការនៃសាកលវិទ្យាល័យភូមិន្ទកសិកម្មចំការដូង

Powered by Koha